[Event "Paracin op 01"]
[Site "Paracin"]
[Date "2022.01.17"]
[Round "1"]
[White "Radosavljevic, Slobodan D"]
[Black "Lukic, Sasa"]
[Result "1/2-1/2"]
[WhiteElo "2138"]
[BlackElo "1719"]
[PlyCount "43"]
[EventDate "2022.01.17"]
[EventType "swiss"]
[EventRounds "9"]
[EventCountry "SRB"]
[SourceTitle "CBM 206 Extra"]
[Source "ChessBase"]
[SourceDate "2022.03.31"]
[SourceVersion "1"]
[SourceVersionDate "2022.03.31"]
[SourceQuality "1"]

1. Nf3 Nf6 2. g3 g6 3. Bg2 Bg7 4. 0-0 0-0 5. c4 d6 6. Nc3 e5 7. d4 exd4 8. Nxd4 Nbd7 9. h3 Nb6 10. b3 d5 11. c5 Nbd7 12. c6 Ne5 13. Bg5 bxc6 14. f4 Ned7 15. Nxc6 Qe8 16. Nxd5 Nxd5 17. Bxd5 Qe3+ 18. Kg2 Ba6 19. Ne7+ Kh8 20. Bxa8 Rxa8 21. Nd5 Bb7 22. Rf3 1/2-1/2

[Event "Paracin Winter op"]
[Site "Paracin"]
[Date "2018.02.03"]
[Round "6"]
[White "Jakovljevic, Dejan"]
[Black "Lukic, Sasa"]
[Result "1-0"]
[WhiteElo "2052"]
[BlackElo "1322"]
[PlyCount "151"]
[EventDate "2018.01.30"]
[EventType "swiss"]
[EventRounds "9"]
[EventCountry "SRB"]
[SourceTitle "CBM 182 Extra"]
[Source "ChessBase"]
[SourceDate "2018.02.23"]
[SourceVersion "1"]
[SourceVersionDate "2018.02.23"]
[SourceQuality "1"]

1. e4 e5 2. Nf3 Nc6 3. Bc4 Bc5 4. 0-0 Nf6 5. d3 h6 6. c3 0-0 7. a4 a5 8. Nbd2 d6 9. h3 Be6 10. Re1 Ne7 11. d4 Bxc4 12. Nxc4 exd4 13. cxd4 Bb6 14. Nxb6 cxb6 15. d5 Ng6 16. Nd4 Re8 17. f3 Nd7 18. Nf5 Qf6 19. Be3 Nh4 20. Nxh4 Qxh4 21. Qb3 Qd8 22. Bd4 Rb8 23. Qe3 Nc5 24. Bc3 Qg5 25. Bd4 Qxe3+ 26. Rxe3 f6 27. Bxc5 bxc5 28. Rb3 b6 29. Rb5 Rb7 30. Kf2 g5 31. Kg3 Kf7 32. h4 gxh4+ 33. Kxh4 Kg6 34. g4 Re5 35. Ra3 Re8 36. Re3 Rh8 37. f4 Re8 38. Rbb3 Rh8 39. e5 fxe5 40. fxe5 dxe5 41. Rxe5 Rd8 42. Re6+ Kg7 43. Rbxb6 Rxb6 44. Rxb6 Rxd5 45. Rb5 Rd2 46. Rxc5 Rxb2 47. Rxa5 Ra2 48. Ra6 Kh7 49. Kg3 Ra3+ 50. Kf4 Ra1 51. a5 Kg7 52. Ra8 Rf1+ 53. Ke3 Rg1 54. Kf3 Kf7 55. a6 Ra1 56. a7 Ra5 57. Rh8 Rxa7 58. Rh7+ Kg6 59. Rxa7 Kg5 60. Ra5+ Kg6 61. Kf4 Kf6 62. Ra6+ Kg7 63. g5 hxg5+ 64. Kxg5 Kf7 65. Kf5 Ke7 66. Rh6 Kd7 67. Ke5 Kc7 68. Kd5 Kb7 69. Kc5 Kc7 70. Rh7+ Kd8 71. Kd6 Ke8 72. Ra7 Kf8 73. Ke6 Kg8 74. Kf6 Kh8 75. Kg6 Kg8 76. Ra8# 1-0

[Event "Paracin Winter op"]
[Site "Paracin"]
[Date "2018.01.31"]
[Round "2"]
[White "Lukic, Sasa"]
[Black "Delic, Miladin"]
[Result "1-0"]
[WhiteElo "1322"]
[BlackElo "1741"]
[PlyCount "52"]
[EventDate "2018.01.30"]
[EventType "swiss"]
[EventRounds "9"]
[EventCountry "SRB"]
[SourceTitle "CBM 182 Extra"]
[Source "ChessBase"]
[SourceDate "2018.02.23"]
[SourceVersion "1"]
[SourceVersionDate "2018.02.23"]
[SourceQuality "1"]

1. e4 e5 2. Nf3 Nc6 3. Bb5 a6 4. Ba4 b5 5. Bb3 Be7 6. c3 Nf6 7. d3 0-0 8. h3 Bb7 9. Nbd2 d5 10. exd5 Nxd5 11. 0-0 Nf4 12. Ne4 Nxd3 13. Ng3 Nxc1 14. Rxc1 Qxd1 15. Rcxd1 Rad8 16. Rfe1 Bd6 17. Ne4 Na5 18. Bc2 h6 19. b4 Nc4 20. Bb3 Nb6 21. Nh4 Kh7 22. Nf5 Bxe4 23. Rxe4 g6 24. Nxd6 Rxd6 25. Rxe5 Rxd1+ 26. Bxd1 Rd8 1-0